Id adobe in design CC 2018 release / (Record no. 157938)

MARC details
000 -LEADER
fixed length control field 00743nam a22002177a 4500
005 - DATE AND TIME OF LATEST TRANSACTION
control field 20181011123845.0
010 ## - LCCN (DPL NO)
LC control number ENG-124235
020 ## - INTERNATIONAL STANDARD BOOK NUMBER
International Standard Book Number 9789352869015
Terms of availability 749.00
035 ## - SYSTEM CONTROL NUMBER
System control number EN-107767
037 ## - SOURCE OF ACQUISITION
Source of stock number/acquisition DBAD/PUB
082 ## - DEWEY DECIMAL CLASSIFICATION NUMBER
Classification number 686.22544536
100 ## - MAIN ENTRY--PERSONAL NAME
Personal name Anton, Kelly Kordes
245 ## - TITLE STATEMENT
Title Id adobe in design CC 2018 release /
Remainder of title by Kelly Kordes Anton [and] Tina Dejarld
260 ## - PUBLICATION, DISTRIBUTION, ETC. (IMPRINT)
Place of publication, distribution, etc Noida
Name of publisher, distributor, etc Pearson
Date of publication, distribution, etc 2018
270 ## - ADDRESS
Address 15th Floor, Tower B, Worls Trade Tower, Plot No.1, Block -C
City Noida (UP)
Postal code 201301
300 ## - PHYSICAL DESCRIPTION
Extent 422p.
Dimensions 25cm.(pbk)
Other physical details ill.
500 ## - GENERAL NOTE
General note Classroom in a book, the official training workbook from adobe
500 ## - GENERAL NOTE
General note It includes index
700 ## - ADDED ENTRY--PERSONAL NAME
Personal name Dejarld, Tina
942 ## - ADDED ENTRY ELEMENTS (KOHA)
Source of classification or shelving scheme Dewey Decimal Classification
Item type English Books
Classification part 686.22544536
Call number suffix ANT
Holdings
Withdrawn status Lost status Not for loan Collection code Home library Current library Date acquired Source of acquisition Cost, normal purchase price Full call number Barcode Copy number Cost, replacement price Koha item type
    Not For Loan Non-fiction D.B.Act.Division Patel Nagar 11/10/2018 DBAD/PUB 749.00 686.22544536 ANT EN-107767 1 749.00 English Books

© Delhi Public Library
Hit Counter
free hit counter